Loading...
| Fine Arts - Classical Music | 6 | 10.00 | 3,233% | 150% | 300% |
| Fine Arts - Other | 4 | 5.00 | 2,025% | 0% | 225% |
| Fine Arts - Painting & Sculpture | 1 | 10.00 | 8,100% | 0% | 0% |
| History - American | 2 | 5.00 | 0% | 450% | 0% |
| History - European | 2 | 10.00 | 0% | 450% | 400% |
| History - Other | 4 | 12.50 | 2,025% | 175% | 650% |
| History - World | 3 | 13.33 | 5,400% | 567% | 0% |
| Literature - American | 3 | 3.33 | 1,633% | 0% | 0% |
| Literature - British | 2 | 15.00 | 6,500% | 450% | 0% |
| Literature - European | 3 | 6.67 | 2,700% | 267% | 0% |
| Literature - World | 3 | 10.00 | 5,400% | 0% | 300% |
| Mythology | 4 | 10.00 | 0% | 225% | 600% |
| Other | 2 | 10.00 | 3,200% | 450% | 0% |
| Philosophy | 1 | 10.00 | 0% | 0% | 900% |
| Religion | 4 | 7.50 | 1,600% | 200% | 200% |
| Science - Biology | 1 | 20.00 | 8,100% | 0% | 900% |
| Science - Chemistry | 2 | 10.00 | 4,050% | 0% | 400% |
| Science - Other | 3 | 3.33 | 1,633% | 0% | 0% |
| Science - Physics | 2 | 10.00 | 0% | 0% | 800% |
| Social Science | 3 | 6.67 | 0% | 567% | 0% |